| 000 | 00473cam a22001331 4500 | ||
|---|---|---|---|
| 082 |
_a624.1713 _bMAU _cL-20, P-48 |
||
| 100 | 1 |
_aMaugh, L. C. _942686 |
|
| 245 | 1 | 0 |
_aStatically indeterminate structures, _cby L.C. Maugh ... |
| 260 |
_aNew York, _bJ. Wiley & Sons, inc.; _aLondon, _bChapman & Hall, limited _c[1946] |
||
| 300 |
_aviii, 338 p. _bdiagrs. _c24 cm. |
||
| 526 |
_a0 _b0 _c0 _d624_171300000000000_MAU |
||
| 650 | 0 |
_aStructural analysis (Engineering) _9654 |
|
| 942 |
_2ddc _cBK |
||
| 999 |
_c546666 _d546666 |
||